000 00883cab a2200265 4500
001 ABS46959
008 090401t1992 xxu||||| |||| 00| 0 eng d
035 _a(Sirsi) u60216
041 _aeng
100 _aScharf, D.
245 _aPractice column
260 _c1992
350 _a0
490 _aRIBA Journal
_v99(8) August 1992, 12-18(2)
520 _aDiscusses the background to the SoS`s decision to allow a fibre glass sculpture of a shark to be fixed on the roof of a house. Raises questions about assessing what is best in the public`s interest, consideration of public opinion and aesthetic control.
650 _aAESTHETIC CONTROL
650 _aOXFORD SHARK
650 _aPLANNING APPEALS
650 _aPLANNING PERMISSION
650 _aPUBLIC INTEREST
650 _aSCULPTURE
690 _aPLANNING LAW AND PRACTICE
942 _n0
948 _c04/03/1997
999 _c37099
_d37099